Hydraulics and pneumatics:A technicians and engineeris guide (Record no. 29731)
[ view plain ]
| 000 -LEADER | |
|---|---|
| fixed length control field | 00298nam a2200133Ia 4500 |
| 100 ## - MAIN ENTRY--PERSONAL NAME | |
| Personal name | PARR/ANDREW |
| 245 ## - TITLE STATEMENT | |
| Title | Hydraulics and pneumatics:A technicians and engineeris guide |
| 260 ## - PUBLICATION, DISTRIBUTION, ETC. | |
| Name of publisher, distributor, etc. | Jaico |
| Date of publication, distribution, etc. | 2005 |
| 366 ## - TRADE AVAILABILITY INFORMATION | |
| Publishers's discount category | 25 |
| 300 ## - PHYSICAL DESCRIPTION | |
| Extent | 223 |
| 546 ## - LANGUAGE NOTE | |
| Language note | ENGLISH |
| 654 ## - SUBJECT ADDED ENTRY--FACETED TOPICAL TERMS | |
| Focus term | hydraulics |
| 942 ## - ADDED ENTRY ELEMENTS (KOHA) | |
| Koha item type | BOOK |
| Withdrawn status | Lost status | Damaged status | Not for loan | Collection | Home library | Current library | Date acquired | Source of acquisition | Cost, normal purchase price | Inventory number | Total Checkouts | Full call number | Barcode | Date last seen | Date last checked out | Cost, replacement price | Price effective from | Koha item type |
|---|---|---|---|---|---|---|---|---|---|---|---|---|---|---|---|---|---|---|
| CRC | Fr. Agnel's C.Rodrigues College of Engineering | AGNEL TECHNICAL COLLEGE LIBRARY | 17/03/2023 | Allied Publisher | 262.50 | 1104 dt 06.03.2018 | 1 | 25207 | 19/09/2025 | 04/09/2025 | 350.00 | BOOK | ||||||
| CRC | Fr. Agnel's C.Rodrigues College of Engineering | Fr. Agnel's C.Rodrigues College of Engineering | 17/03/2023 | Allied Publisher | 262.50 | 1104 dt 06.03.2018 | 1 | 25205 | 30/05/2024 | 10/04/2024 | 350.00 | BOOK | ||||||
| CRC | Fr. Agnel's C.Rodrigues College of Engineering | Fr. Agnel's C.Rodrigues College of Engineering | 17/03/2023 | Allied Publisher | 262.50 | 1104 dt 06.03.2018 | 25206 | 17/03/2023 | 350.00 | BOOK |